Hamilton Songs from Lyrics Including his Name Quiz Stats

 Plays Quiz not verified by Sporcle

Challenge
Share
Tweet
Embed
Score 0/94 Timer 17:00
0 Plays Today
% Correct
Satisfied
82.8%
Alexander Hamilton
82.4%
Alexander Hamilton
81.1%
The World Was Wide Enough
80.9%
Guns and Ships
80.8%
Guns and Ships
79%
Take a Break
78.7%
Aaron Burr, Sir
78.6%
Satisfied
78.5%
Cabinet Battle #1
78.4%
The Election of 1800
77.3%
The World Was Wide Enough
76.9%
Cabinet Battle #1
76.7%
Satisfied
76.4%
Alexander Hamilton
76.3%
The Election of 1800
76.2%
Guns and Ships
76.1%
Stay Alive (Reprise)
75.9%
The Election of 1800
75.6%
The Election of 1800
75.5%
Meet Me Inside
75.3%
It's Quiet Uptown
75.2%
The Reynolds Pamphlet
75.1%
Guns and Ships
74.6%
The World Was Wide Enough
74.6%
What'd I Miss?
74.5%
Take a Break
74.5%
Alexander Hamilton
73.9%
The World Was Wide Enough
73.9%
Take a Break
73.7%
Say No to This
73.6%
The World Was Wide Enough
73.5%
% Correct
Cabinet Battle #1
73.3%
The Room Where it Happens
73.2%
The Story of Tonight (Reprise)
73.1%
The Election of 1800
73%
Best of Wives Best of Women
72.9%
Satisfied
72.1%
Non-Stop
71.7%
Non-Stop
71.4%
Who Lives, Who Dies, Who Tells Your Story?
71%
Wait for It
70.7%
We Know
70.7%
Non-Stop
70.7%
Cabinet Battle #2
70.5%
Yorktown (The World Turned Upside Down)
70.4%
Cabinet Battle #2
70.4%
Guns and Ships
70.3%
Your Obedient Servant
70.3%
My Shot
70.2%
Non-Stop
70%
Right Hand Man
70%
Stay Alive (Reprise)
69.9%
Non-Stop
69.8%
Non-Stop
69.8%
The Adams Administration
69.7%
Non-Stop
69.6%
The World Was Wide Enough
69.5%
What'd I Miss?
69.2%
The Election of 1800
69%
Ten Duel Commandments
68.9%
Cabinet Battle #2
68.7%
Guns and Ships
67.7%
Right Hand Man
67.5%
% Correct
Cabinet Battle #1
67.4%
The Adams Administration
67.3%
Take a Break
67.2%
Meet Me Inside
67.1%
Your Obedient Servant
67.1%
Wait for It
66.1%
The Story of Tonight (Reprise)
65.9%
Non-Stop
65.9%
A Winter's Ball
65.8%
Guns and Ships
65.8%
Guns and Ships
64.9%
The Election of 1800
64.9%
Cabinet Battle #2
64.8%
Alexander Hamilton
63.8%
Farmer Refuted
63.4%
Right Hand Man
62.4%
Stay Alive
62.1%
Wait for It
61.4%
Non-Stop
59.7%
The Adams Administration
59.3%
Your Obedient Servant
58.8%
Cabinet Battle #1
58.4%
Washington on Your Side
57.5%
Stay Alive
56.8%
Stay Alive
53.8%
Cabinet Battle #1
52%
Washington on Your Side
51.9%
Cabinet Battle #2
51.3%
Stay Alive
50.9%
The Adams Administration
49.7%

You're not logged in!

Compare scores with friends on all Sporcle quizzes.
Join for Free
OR
Log In

You Might Also Like...

Show Comments

Extras

Top Quizzes Today


Score Distribution

Your Account Isn't Verified!

In order to create a playlist on Sporcle, you need to verify the email address you used during registration. Go to your Sporcle Settings to finish the process.

Report this User

Report this user for behavior that violates our Community Guidelines.

Details: